[Event "Hradec Kralove Region-chT 2223"]
[Site "Czech Republic"]
[Date "2023.04.02"]
[Round "11.6"]
[White "Sobotnik, Petr"]
[Black "Lustinec, Vladimir"]
[Result "1-0"]
[WhiteElo "1895"]
[BlackElo "1918"]
[PlyCount "76"]
[EventDate "2022.10.09"]
[EventType "team-tourn"]
[EventRounds "11"]
[EventCountry "CZE"]
[SourceTitle "EXT 2024"]
[Source "ChessBase"]
[SourceDate "2023.10.10"]
[SourceVersion "1"]
[SourceVersionDate "2023.10.10"]
[SourceQuality "1"]

1. c4 e5 2. Nc3 Nf6 3. g3 c6 4. e3 d5 5. d4 exd4 6. exd4 Bb4 7. a3 Qe7+ 8. Qe2 Bxc3+ 9. bxc3 Be6 10. cxd5 Bxd5 11. Qxe7+ Kxe7 12. f3 Nbd7 13. c4 Be6 14. Rb1 Rab8 15. Bf4 Rbd8 16. Rxb7 Rhe8 17. Kf2 Kf8 18. Bd6+ Kg8 19. c5 Nd5 20. Bd3 N7f6 21. Ne2 Rd7 22. Rhb1 g6 23. Rb8 Red8 24. R1b7 Rxb7 25. Rxd8+ Kg7 26. Bf8+ Kh8 27. Bd6+ Ng8 28. Rb8 Rd7 29. Nf4 Kg7 30. Nxe6+ fxe6 31. Be4 Nge7 32. Be5+ Kf7 33. Rh8 Nf6 34. Rb8 Nfd5 35. a4 Nc3 36. a5 Nb5 37. Ke3 Nd5+ 38. Bxd5 cxd5 1-0

[Event "Hradec Kralove Region-chT 2223"]
[Site "Czech Republic"]
[Date "2023.03.19"]
[Round "10.8"]
[White "Lustinec, Vladimir"]
[Black "Rambousek, Josef"]
[Result "1-0"]
[WhiteElo "1918"]
[BlackElo "1726"]
[PlyCount "85"]
[EventDate "2022.10.09"]
[EventType "team-tourn"]
[EventRounds "11"]
[EventCountry "CZE"]
[SourceTitle "EXT 2024"]
[Source "ChessBase"]
[SourceDate "2023.10.10"]
[SourceVersion "1"]
[SourceVersionDate "2023.10.10"]
[SourceQuality "1"]

1. e4 c5 2. Nf3 d6 3. c4 a6 4. d4 cxd4 5. Nxd4 Nf6 6. Nc3 e5 7. Nc2 Be7 8. Be2 Be6 9. 0-0 Nbd7 10. Ne3 Nc5 11. f3 h5 12. b4 Ncd7 13. Ncd5 Bxd5 14. cxd5 Rc8 15. Qb3 Qb6 16. Kh1 g6 17. Nc4 Qc7 18. Be3 0-0 19. Rac1 Qd8 20. Rc2 b5 21. Na5 Rxc2 22. Qxc2 Nb8 23. Rc1 Qd7 24. h3 Nh7 25. Nc6 Nxc6 26. Qxc6 Qxc6 27. Rxc6 Ra8 28. f4 f6 29. g4 h4 30. g5 a5 31. Bxb5 axb4 32. Bc4 Rb8 33. Kg2 Kf7 34. Kf3 fxg5 35. fxe5 Rd8 36. Bb6 Rf8 37. exd6 Ke8+ 38. Kg2 Bd8 39. Rc8 Kd7 40. Rxd8+ Rxd8 41. Bxd8 Kxd8 42. e5 Kc8 43. Kf3 1-0

[Event "CZE-chT2D 2122"]
[Site "Czech Republic"]
[Date "2021.12.19"]
[Round "5.8"]
[White "Bartos, Karel"]
[Black "Lustinec, Vladimir"]
[Result "1/2-1/2"]
[WhiteElo "1759"]
[BlackElo "1885"]
[PlyCount "64"]
[EventDate "2021.10.17"]
[EventType "team-tourn"]
[EventRounds "11"]
[EventCountry "CZE"]
[SourceTitle "EXT 2025"]
[Source "ChessBase"]
[SourceDate "2024.10.14"]
[SourceVersion "1"]
[SourceVersionDate "2024.10.14"]
[SourceQuality "1"]
[WhiteTeam "Lanskroun"]
[BlackTeam "Horice Jiskra"]
[WhiteTeamCountry "CZE"]
[BlackTeamCountry "CZE"]

1. Nf3 Nf6 2. e3 d5 3. b3 g6 4. Bb2 Bg7 5. Be2 0-0 6. 0-0 c5 7. d4 cxd4 8. exd4 Nc6 9. Nbd2 Bf5 10. c4 Re8 11. Ne5 dxc4 12. Bxc4 Nxe5 13. dxe5 Nd5 14. Nf3 Nb6 15. Bb5 Qxd1 16. Rfxd1 Red8 17. Kf1 a6 18. Be2 Bc2 19. Rxd8+ Rxd8 20. Rc1 Be4 21. Rd1 Rxd1+ 22. Bxd1 Nd7 23. Ke1 b5 24. g3 Bxf3 25. Bxf3 Bxe5 26. Ba3 Bc3+ 27. Ke2 b4 28. Bc1 e5 29. Be3 Kf8 30. Bb7 a5 31. Bc6 Ke7 32. Bxd7 Kxd7 1/2-1/2

[Event "CZE-chT2D 2122"]
[Site "Czech Republic"]
[Date "2021.11.07"]
[Round "2.7"]
[White "Pavlicek, Miroslav"]
[Black "Lustinec, Vladimir"]
[Result "1-0"]
[WhiteElo "1920"]
[BlackElo "1885"]
[PlyCount "59"]
[EventDate "2021.10.17"]
[EventType "team-tourn"]
[EventRounds "11"]
[EventCountry "CZE"]
[SourceTitle "EXT 2025"]
[Source "ChessBase"]
[SourceDate "2024.10.14"]
[SourceVersion "1"]
[SourceVersionDate "2024.10.14"]
[SourceQuality "1"]
[WhiteTeam "Rychnov nad Kneznou Panda"]
[BlackTeam "Horice Jiskra"]
[WhiteTeamCountry "CZE"]
[BlackTeamCountry "CZE"]

1. c4 e5 2. Nc3 Nf6 3. g3 d5 4. cxd5 Nxd5 5. Bg2 Be6 6. Nf3 Nxc3 7. bxc3 Nd7 8. 0-0 c6 9. d4 Bd6 10. Qc2 h6 11. c4 0-0 12. Bb2 exd4 13. Nxd4 Qe7 14. Nf5 Bxf5 15. Qxf5 Be5 16. Rad1 Rad8 17. Rxd7 Rxd7 18. Bxe5 Re8 19. Bc3 g6 20. Qf3 Qe6 21. h4 Rd6 22. Qf4 Kh7 23. Bd2 Qf6 24. Qxh6+ Kg8 25. Be3 b6 26. c5 bxc5 27. Bxc5 Rd7 28. e3 Qg7 29. Qxg7+ Kxg7 30. Bxc6 1-0

[Event "CZE-chT2B 1213"]
[Site "Czech Republic"]
[Date "2013.03.24"]
[Round "11.7"]
[White "Kotek, Daniel"]
[Black "Lustinec, Vladimir"]
[Result "1-0"]
[WhiteElo "2271"]
[BlackElo "1996"]
[PlyCount "117"]
[EventDate "2012.10.14"]
[EventType "team-tourn"]
[EventRounds "11"]
[EventCountry "CZE"]
[SourceTitle "EXT 2015"]
[Source "ChessBase"]
[SourceDate "2014.11.20"]
[SourceVersion "1"]
[SourceVersionDate "2014.11.20"]
[SourceQuality "1"]
[WhiteTeam "Usti nad Labem"]
[BlackTeam "Horice"]
[WhiteTeamCountry "CZE"]
[BlackTeamCountry "CZE"]

1. e4 c5 2. Nf3 Nc6 3. d4 cxd4 4. Nxd4 Nf6 5. Nc3 e6 6. Ndb5 d6 7. Bf4 e5 8. Bg5 a6 9. Bxf6 gxf6 10. Na3 Be6 11. Nd5 Bxd5 12. Qxd5 Qa5+ 13. Qxa5 Nxa5 14. c4 Rc8 15. Bd3 Be7 16. 0-0 0-0 17. Rac1 Rc7 18. Nc2 Rfc8 19. Ne3 Kf8 20. b3 b5 21. Nd5 Rc6 22. Nb4 bxc4 23. Nxc6 Rxc6 24. Bxc4 Nxc4 25. Rxc4 Rb6 26. Rc8+ Kg7 27. g4 f5 28. gxf5 Rb4 29. Rc4 Rb5 30. Rd1 Kf6 31. Kf1 Rb6 32. Ke2 Bf8 33. Rd5 Bh6 34. Rc7 Bf4 35. h3 h5 36. Rd7 Kg5 37. Rxf7 Rc6 38. Rg7+ Kf6 39. Rd7 Rc2+ 40. Kf3 Rc3+ 41. Kg2 Rc2 42. R5xd6+ Kg5 43. Rh7 Bc1 44. Rg6+ Kf4 45. Rxh5 Kxe4 46. Rh4+ Kxf5 47. Rxa6 Be3 48. Kf3 Bg5 49. Rc4 Rd2 50. h4 Bf4 51. Rxf4+ exf4 52. Ra5+ Kg6 53. Kxf4 Rxf2+ 54. Ke3 Rb2 55. h5+ Kf6 56. Kd3 Ke6 57. Kc3 Rh2 58. a4 Kd6 59. Rg5 1-0

[Event "CZE-chT2C 1112"]
[Site "Czech Republic"]
[Date "2011.11.06"]
[Round "2.8"]
[White "Bartak, Pavel"]
[Black "Lustinec, Vladimir"]
[Result "1-0"]
[WhiteElo "2027"]
[BlackElo "2017"]
[PlyCount "35"]
[EventDate "2011.10.09"]
[EventType "team-tourn"]
[EventRounds "11"]
[EventCountry "CZE"]
[SourceTitle "EXT 2013"]
[Source "ChessBase"]
[SourceDate "2012.11.22"]
[SourceVersion "1"]
[SourceVersionDate "2012.11.22"]
[SourceQuality "1"]
[WhiteTeam "Turnov Zikuda III"]
[BlackTeam "Horice"]
[WhiteTeamCountry "CZE"]
[BlackTeamCountry "CZE"]

1. e4 c5 2. Nf3 d6 3. d4 cxd4 4. Nxd4 Nc6 5. Bc4 a6 6. 0-0 Nf6 7. Nxc6 bxc6 8. e5 Ng8 9. exd6 Qxd6 10. Qe2 e6 11. Nc3 Nf6 12. Ne4 Nxe4 13. Qxe4 Bb7 14. Bf4 Qe7 15. Rad1 c5 16. Qe2 Qf6 17. Bb5+ axb5 18. Qxb5+ 1-0

[Event "Pardubice tt"]
[Site "Pardubice"]
[Date "2009.07.16"]
[Round "1"]
[White "Biolek, Richard"]
[Black "Lustinec, Vladimir"]
[Result "1-0"]
[WhiteElo "2433"]
[BlackElo "2055"]
[PlyCount "69"]
[EventDate "2009.07.16"]
[EventType "team-swiss"]
[EventRounds "7"]
[EventCountry "CZE"]
[SourceTitle "EXT 2010"]
[Source "ChessBase"]
[SourceDate "2010.11.25"]
[SourceVersion "1"]
[SourceVersionDate "2010.11.25"]
[SourceQuality "1"]

1. c4 e5 2. g3 Nf6 3. Bg2 Bc5 4. Nc3 d6 5. e3 Nc6 6. Nge2 Bf5 7. d4 Bb4 8. d5 Bxc3+ 9. Nxc3 Ne7 10. e4 Bd7 11. 0-0 Ng6 12. f3 Qc8 13. Be3 b6 14. b4 a5 15. a3 axb4 16. axb4 0-0 17. c5 Rxa1 18. Qxa1 bxc5 19. bxc5 dxc5 20. Na4 Bb5 21. Rc1 c4 22. Nb2 Qa8 23. Qxa8 Rxa8 24. Nxc4 Ne8 25. Bf1 Bxc4 26. Bxc4 Nd6 27. Be2 Ra2 28. Kf1 Ne8 29. Bb5 Nd6 30. Rxc7 Nxb5 31. Rc8+ Nf8 32. Bc5 g6 33. Bxf8 f6 34. d6 Rd2 35. Bh6+ 1-0

[Event "Hradec Kralove Region-chT 0506"]
[Site "Czech Republic"]
[Date "2006.02.19"]
[Round "8.5"]
[White "Kudr, Roman"]
[Black "Lustinec, Vladimir"]
[Result "1-0"]
[WhiteElo "1883"]
[BlackElo "1973"]
[PlyCount "79"]
[EventDate "2005.10.23"]
[EventType "team-tourn"]
[EventRounds "11"]
[EventCountry "CZE"]
[SourceTitle "EXT 2024"]
[Source "ChessBase"]
[SourceDate "2023.10.10"]
[SourceVersion "1"]
[SourceVersionDate "2023.10.10"]
[SourceQuality "1"]
[WhiteTeam "Jaromer Jiskra"]
[BlackTeam "Horice Jiskra"]
[WhiteTeamCountry "CZE"]
[BlackTeamCountry "CZE"]

1. Nf3 Nf6 2. c4 c5 3. g3 b6 4. Bg2 Bb7 5. 0-0 g6 6. d3 Bg7 7. Nc3 0-0 8. Rb1 Nc6 9. Bf4 d5 10. cxd5 Nxd5 11. Nxd5 Qxd5 12. Ne5 Qe6 13. Nxc6 Bxc6 14. Bxc6 Qxc6 15. Qc2 Rac8 16. Rfc1 Qd5 17. Qc4 Rfd8 18. Qxd5 Rxd5 19. b4 e5 20. Be3 Bf8 21. Rc2 f5 22. Rbc1 Kf7 23. Kf1 Ke6 24. f4 Bd6 25. fxe5 Rxe5 26. Bf2 f4 27. d4 Rh5 28. Kg2 fxg3 29. hxg3 Rg5 30. dxc5 bxc5 31. bxc5 Bc7 32. Rc3 Rb8 33. Rd1 Rb2 34. Re3+ Re5 35. Rxe5+ Bxe5 36. a3 Rxe2 37. Kf3 Rc2 38. Rd3 a6 39. Be3 Rc4 40. Rd8 1-0

[Event "CZE-chT2V 0203"]
[Site "Czech Republic"]
[Date "2002.??.??"]
[Round "7"]
[White "Lustinec, Vladimir"]
[Black "Daniel, Jiri"]
[Result "1/2-1/2"]
[WhiteElo "1997"]
[BlackElo "2090"]
[PlyCount "121"]
[EventDate "2002.10.??"]
[EventType "team-tourn"]
[EventRounds "11"]
[EventCountry "CZE"]
[SourceTitle "EXT 2007"]
[Source "ChessBase"]
[SourceDate "2006.11.23"]
[SourceVersion "1"]
[SourceVersionDate "2006.11.23"]
[SourceQuality "1"]
[WhiteTeam "Horice"]
[BlackTeam "Rychnov nad Kneznou"]
[WhiteTeamCountry "CZE"]
[BlackTeamCountry "CZE"]

1. d4 Nf6 2. Nf3 d5 3. c4 e6 4. Nc3 c6 5. b3 Bb4 6. Bd2 0-0 7. e3 Nbd7 8. Be2 Re8 9. 0-0 Qa5 10. Qc2 e5 11. dxe5 Nxe5 12. Nxe5 Rxe5 13. a3 Bd6 14. Nxd5 Qd8 15. Nxf6+ Qxf6 16. f4 Re8 17. c5 Bf5 18. Qc1 Bc7 19. b4 Rad8 20. Bf3 h6 21. Re1 Be4 22. Bxe4 Rxe4 23. Qc2 Qf5 24. Rad1 Bxf4 25. Rf1 Rxd2 26. Qxd2 Bxe3+ 27. Qxe3 Qxf1+ 28. Kxf1 Rxe3 29. Rd8+ Kh7 30. Rd7 Rxa3 31. Rxb7 a5 32. b5 Rc3 33. bxc6 Rxc5 34. Ra7 Rxc6 35. Rxa5 Rc2 36. Ra6 f6 37. h3 Kg6 38. Kg1 Kg5 39. Kh2 h5 40. Kg3 h4+ 41. Kf3 Rc3+ 42. Kf2 Rc5 43. Ra4 f5 44. Rb4 Kh5 45. Rb8 Rc4 46. Rb7 g6 47. Rb5 Kg5 48. Rb6 Ra4 49. Rc6 Kh5 50. Rc5 Rf4+ 51. Kg1 g5 52. Ra5 g4 53. hxg4+ Kxg4 54. Ra8 Rb4 55. Rg8+ Kf4 56. Kh2 Rb3 57. Rh8 Kg5 58. Rg8+ Kf6 59. Rh8 Kg5 60. Rg8+ Kf4 61. Rh8 1/2-1/2